000 00364nam a2200157Ia 4500
100 _aSmith/Graham T
650 _aIndustrial Handbook
942 _cRB
366 _f25
654 _acutting tool
245 _aCutting tool technology:Industrial Handbook
260 _bSpringer
_c2008
082 _a671.35
_bSMI
300 _a599
546 _aENGLISH
_cInfo.Tech
999 _c21176
_d21176